000 00414nam a2200157Ia 4500
005 20250528032055.0
008 240331s9999 xx 000 0 und d
020 _a13910949
082 _bPRA
_a303
245 0 _aPravada
260 _aColombo
_bSocial Scientist Association
_c2006
300 _a167 p .,
500 _aPravada - volume January- December 2006
700 _aSocial Science Society.
_eedt
942 _cL
999 _c5651
_d5651